| 000 | 00668nam a22002177a 4500 | ||
|---|---|---|---|
| 999 |
_c6463 _d6463 |
||
| 001 | 6463 | ||
| 003 | BD-JhCC | ||
| 005 | 20180127103840.0 | ||
| 008 | 180123s1968 -uka|||| |||| 00| 0 eng d | ||
| 035 | _a(BD-JhCC)6463 | ||
| 040 |
_aBD-JhCC _dBD-JhCC |
||
| 041 | _aeng | ||
| 082 |
_a598.2 _bHAG 1968 |
||
| 100 | _aHagen, Victor W. V. | ||
| 245 |
_aQuetzal Quest _bThe story of the capture of the quetzal, the sacred bird of the Aztecs and the Maya / _cVIctor W. V. Hagen and Quail Hawkins |
||
| 260 |
_aLondon : _bOxford University Press, _c1968. |
||
| 300 |
_a103 p. : _bill.; _c19 cm. |
||
| 650 |
_aQuetzals _xMythology |
||
| 700 | _aHawkins, Quail | ||
| 942 |
_2ddc _cBK |
||